| 000 | 01689nam a2200361 c 4500 | ||
|---|---|---|---|
| 999 |
_c99234 _d99234 |
||
| 003 | BLK | ||
| 005 | 20210219165034.0 | ||
| 008 | 180409b bul|||||r ||||||| ||bul|| | ||
| 010 | _aKNG00104234000 | ||
| 040 | _aBLK | ||
| 041 |
_aBUL _cBUL |
||
| 080 |
_aМетоди на управление. Мениджмънт. Анализи, планиране, ръководство, сътрудничество, контрол, коопериране и др. _b005.5 _x(075.8) _z005.5(075.8) |
||
| 080 |
_aУправление на стопанството в условията на пазарно стопанство _b338.242 _x(075.8) _z338.242(075.8) |
||
| 100 | 1 |
_aПапазов, Емил Кръстев _eпърви автор _9372564 |
|
| 139 |
_aПапазов, Емил Кръстев _bП 21 |
||
| 245 | 1 | 0 |
_aДелови игри _cЕмил Кръстев Папазов. |
| 246 | 1 | 1 | _aBusiness games |
| 257 | _aBGR | ||
| 260 |
_bРусенски унив. А. Кънчев _c2002 _fРусе : Печ. база при Русенски унив. |
||
| 300 |
_a86 с. _c20 см |
||
| 380 | _a0 | ||
| 650 | 4 |
_aСтопанство - управление - учебници за ВУЗ _9244607 |
|
| 650 | 4 |
_aУправленски труд - казуси, игри, тестове _9292279 |
|
| 650 | 4 |
_aОрганизация на управлението - казуси, игри, тестове _9300444 |
|
| 653 | _aделови игри | ||
| 653 | _aуправление | ||
| 653 | _aучебници за ВУЗ | ||
| 852 | _aЦб 213135 | ||
| 856 | 4 | _qpdf | |
| 856 | 4 | _qpdf | |
| 942 |
_cKNG _n0 _s1 _01 |
||
| 944 |
_aCR _c01.01.2002 _lф / _kВаля_Йорданова |
||
| 944 |
_aED _c03.12.2010 _lф / |
||
| 999 | _d99234 | ||